Animals By Picture - Letter G - Statistics

General Stats
  • This quiz has been taken 616 times
  • The average score is 11 of 15
Answer Stats
Picture Answer % Correct
Gorilla
97%
Giraffe
94%
Goat
93%
Grizzly Bear
89%
Grasshopper
86%
Goose
83%
Guinea Pig
81%
Gecko
80%
Gazelle
77%
Groundhog
68%
Gerbil
56%
Gila Monster
55%
Golden Eagle
52%
Gibbon
50%
Galah
20%
No matching quizzes found
Score Distribution
Percent of People with Each Score
Percentile by Number Answered
Your Score History
You have not taken this quiz